Geografía de España / (Record no. 142435)

MARC details
000 -LEADER
campo de control de longitud fija 00506nam a2200181 i 4500
001 - NÚMERO DE CONTROL
campo de control 142435
003 - IDENTIFICADOR DE NÚMERO DE CONTROL
campo de control ES-MaACL
005 - FECHA Y HORA DE LA ÚLTIMA TRANSACCIÓN
campo de control 20230906200524.0
007 - CAMPO FIJO DE DESCRIPCIÓN FÍSICA--INFORMACIÓN GENERAL
campo de control de longitud fija t|
008 - DATOS DE LONGITUD FIJA--INFORMACIÓN GENERAL
campo de control de longitud fija 071005s1972 sp ||||1| spa d
080 ## - NÚMERO DE LA CLASIFICACIÓN DECIMAL UNIVERSAL
Número de la Clasificación Decimal Universal 913(460)
245 00 - MENCIÓN DEL TÍTULO
Título Geografía de España /
Mención de responsabilidad, etc. [director], J. Vilá Valentí.
260 ## - PUBLICACIÓN, DISTRIBUCIÓN, ETC.
Lugar de publicación, distribución, etc. Barcelona :
Nombre del editor, distribuidor, etc. Danae,
Fecha de publicación, distribución, etc. [1972]
300 ## - DESCRIPCIÓN FÍSICA
Extensión 2 v. :
Otras características físicas il. col. ;
Dimensiones 31 cm.
651 #4 - PUNTO DE ACCESO ADICIONAL DE MATERIA--NOMBRE GEOGRÁFICO
Nombre geográfico España-
Subdivisión general Geografía.
9 (RLIN) 8200
700 1# - ENTRADA AGREGADA--NOMBRE PERSONAL
Nombre de persona Vilá Valentí, Juan.
9 (RLIN) 114743
852 4# - LOCALIZACIÓN
Ubicación ES-MaACL
Número de control de estantería P-1446
Holdings
Estatus retirado Estado de pérdida Estado de daño No para préstamo Biblioteca de origen Biblioteca actual Ubicación en estantería Fecha de adquisición Fuente de adquisición Total de préstamos Signatura topográfica completa Código de barras Visto por última vez Precio de reemplazo Tipo de ítem Koha
        Biblioteca del Ateneo de Madrid Biblioteca del Ateneo de Madrid Depósito 2 17/01/2008     P-1446 1148202 23/02/2023 23/02/2023 Libro impreso